1879 1245 1878 1270 1568 1820 1248 1383 1460 1289 1627 1034 1253 1096 1729 1947 1076 1066 1732 1756 1771 1354 1370 1999 1760 1019 1719 1108 1222 1152 1815 1557 1292 1846 1962 1323 1176 1752 1415 1376 1038 1561 1449 1730 1875 1621 1983 1581 1802 1298 1027 1496 1298 1750 1998 1889 1522 1794 1119 1642 1407 1684 1441 1663 1692 1006 1582 1923 1750 1594 1798 1784 1932 1291 1101 1045 1195 1897 1995 1881 1521 1404 1390 1984 2000 1887 1060 1117 1247 1043 1341 1857 1819 1173 1313 1498 1942 1939 1230 BCNSPRNW ULIB Ver.6.0+V

เปลี่ยนเป็นภาษาไทย

Change to English
 แสดงรายละเอียดบรรณานุกรม
  กลับหน้าหลัก

Brief Record : Get Marc (ISO 2709) : E-mail record : QR code < ปิดหน้าต่าง
LEADER : 00000nam 2200000uu 4500
001    13399121362
003     ULIB
008    121116s2550||||th 000 0 tha d
020    ^a9789742126049
050  4 ^aTK5105^bส786ค
100 0  ^aสุธีร์ นวกุล
245 00 ^aครบทุกเรื่อง : อินเทอร์เน็ต & อีเมล/^bสุธีร์ นวกุล
260    ^aกรุงเทพฯ :^bซีเอ็ดยูเคชั่น,^c2550.
300    ^a632 หน้า.
650  0 ^aอินเทอร์เน็ต
650  0 ^aจดหมายอิเล็กทรอนิกส์
945    ^p220^l0^i14892
995    ^aวิภา
999    ^aวิภา
รายการนี้ยังไม่มีแท็ก
คุณยังไม่ได้ล็อกอิน คุณสามารถมีกิจกรรมร่วมกับเว็บไซต์ได้ แต่ต้องล็อกอินก่อน ::
  ล็อกอิน

รายการสื่อสารสนเทศ

ลำดับที่ ประเภท เลขเรียก/บาร์โค้ด สถานที่ สถานะ
1. วิทยาศาสตร์การแพทย์ และสุขภาพ
วิทยาศาสตร์การแพทย์ และสุขภาพ
TK5105 ส786ค  
  Barcode: 14892
ห้องสมุดวิทยาเขตสวรรค์ประชารักษ์
►หนังสือทั่วไป
บนชั้น

รายการใกล้เคียง
    ผู้แต่ง [สุธีร์ นวกุล]

    หัวเรื่อง [อินเทอร์เน็ต]
    หัวเรื่อง [จดหมายอิเล็กทรอนิกส์]

BibComment


ยังไม่เคยถูกคอมเมนท์

คอมเมนท์ทรัพยากรรายการนี้
  คอมเมนท์: ครบทุกเรื่อง อิ..


 Copyright 2026. Bcnsprnw @Library